La república norteamericana / (Record no. 36560)

MARC details
000 -LEADER
campo de control de longitud fija 00751nam a2200205 i 4500
001 - NÚMERO DE CONTROL
campo de control 36560
003 - IDENTIFICADOR DE NÚMERO DE CONTROL
campo de control ES-MaACL
005 - FECHA Y HORA DE LA ÚLTIMA TRANSACCIÓN
campo de control 20250914145929.0
007 - CAMPO FIJO DE DESCRIPCIÓN FÍSICA--INFORMACIÓN GENERAL
campo de control de longitud fija t|
008 - DATOS DE LONGITUD FIJA--INFORMACIÓN GENERAL
campo de control de longitud fija 030218m19111912sp |||| | spa d
100 1# - ENTRADA PRINCIPAL--NOMBRE DE PERSONA
Nombre de persona Bryce, James,
Fechas asociadas al nombre 1838-1922
9 (RLIN) 32253
245 13 - MENCIÓN DEL TÍTULO
Título La república norteamericana /
Mención de responsabilidad, etc. por James Bryce ; traducción por Adolfo Buylla y Adolfo Posada.
260 ## - PUBLICACIÓN, DISTRIBUCIÓN, ETC.
Lugar de publicación, distribución, etc. Madrid :
Nombre del editor, distribuidor, etc. La España Moderna,
Fecha de publicación, distribución, etc. [1911-1912] (
Fabricante Imp. de V. Tordesillas)
300 ## - DESCRIPCIÓN FÍSICA
Extensión 2 v. (378, 334 p.) ;
Dimensiones 23 cm.
650 #4 - PUNTO DE ACCESO ADICIONAL DE MATERIA--TÉRMINO DE MATERIA
Término de materia o nombre geográfico como elemento de entrada Derecho constitucional-
Subdivisión geográfica Estados Unidos.
9 (RLIN) 154479
700 1# - ENTRADA AGREGADA--NOMBRE PERSONAL
Nombre de persona Buylla y González Alegre, Adolfo A.,
Fechas asociadas al nombre 1850-1927
9 (RLIN) 32991
700 1# - ENTRADA AGREGADA--NOMBRE PERSONAL
Nombre de persona Posada, Adolfo,
Fechas asociadas al nombre 1860-1944
9 (RLIN) 93316
852 ## - LOCALIZACIÓN
Ubicación ES-MaACL
Número de control de estantería F-14951-52
Holdings
Estatus retirado Estado de pérdida Estado de daño No para préstamo Biblioteca de origen Biblioteca actual Ubicación en estantería Fecha de adquisición Fuente de adquisición Total de préstamos Signatura topográfica completa Código de barras Visto por última vez Precio de reemplazo Tipo de ítem Koha
        Biblioteca del Ateneo de Madrid Biblioteca del Ateneo de Madrid Sala Pecera Planta 2 17/01/2008     F-14951-52 1038420 23/02/2023 23/02/2023 Libro impreso